5 Seconds of Summer (5SOS) - COOL DAD - All lyrics - Statistics

General Stats
  • This quiz has been taken 37 times
  • The average score is 240 of 293
Answer Stats
Answer % Correct
a
100%
cool
100%
dad
100%
dad,
100%
I
100%
(I
100%
you
100%
You
100%
buy
97%
I'm
97%
in
97%
the
97%
very
97%
very,
97%
can
93%
and
90%
Do
90%
get
90%
mad
90%
won't
90%
drink
86%
garage
86%
don't
83%
(Don't
83%
Ha
83%
party
79%
back
76%
have
76%
marijuana,
76%
friends,
72%
that,
72%
that?
72%
that?)
72%
that
72%
your
72%
couple
69%
mother,
69%
tell
69%
be
66%
it
66%
my
66%
smoke
66%
bad
62%
Call
62%
goes
62%
goes)
62%
how
62%
How
62%
(How
62%
know
62%
like
62%
No
62%
Oh,
62%
once
62%
once)
62%
was
62%
we
62%
young
62%
is
59%
new
59%
shoes?
59%
hair
55%
if
55%
Just
55%
(Just
55%
let
55%
me
55%
cut
52%
door)
52%
one
52%
slam
52%
cigarette,
48%
Hey,
48%
hey
48%
same
48%
that'd
48%
wear
48%
condom
45%
drag
45%
doors
41%
nose
41%
Promise
41%
slamming
41%
Please,
38%
rule
38%
rule)
38%
touch
38%
thermostat
34%
only
31%
Potty
3%
No matching quizzes found
Score Distribution
Percent of People with Each Score
Percentile by Number Answered
Your Score History
You have not taken this quiz